| 000 | 00385nam a22001457a 4500 | ||
|---|---|---|---|
| 020 | _a978-81-7245-412-8 | ||
| 082 |
_a448.2421 _bVAR/F |
||
| 100 | _aVARMA, RASHMI | ||
| 245 |
_aFRENCH MADE EASY _bLEARN FRENCH IN AN EASY AND SYSTEMATIC WAY |
||
| 260 |
_aNEW DELHI _bGOODWILL PUBLISHING HOUSE |
||
| 300 | _a184 | ||
| 505 | _aABOUT FRENCH | ||
| 520 | _aRFERENCE BOOK FRENCH | ||
| 942 | _cBK | ||
| 999 |
_c7208 _d7208 |
||